header

Runaway Ralph (Record no. 263493)

MARC details
000 -LEADER
fixed length control field 00216nam a22000977a 4500
020 ## - INTERNATIONAL STANDARD BOOK NUMBER
ISBN 0380709538
100 ## - MAIN ENTRY--AUTHOR NAME
Personal name Beverly Cleary
245 ## - TITLE STATEMENT
Title Runaway Ralph
260 ## - PUBLICATION, DISTRIBUTION, ETC. (IMPRINT)
Place of publication New York
Name of publisher HarperTrophy,
Year of publication 1970
942 ## - ADDED ENTRY ELEMENTS (KOHA)
Koha item type Long Loan Books
Holdings
Withdrawn status Lost status Collection code Home library Current library Shelving location Date acquired Accession Number Koha item type
    Fiction Rongo University Library Rongo University Library Children's Area 17/04/2024 CL2021166 Long Loan Books

© 2026 Rongo University
Contact us: librarian | system librarian | Rongo university